IFM Opac

Letting business premises (Record no. 16700)

MARC details
000 -LEADER
fixed length control field 00302nam a22001217a 4500
100 ## - MAIN ENTRY--PERSONAL NAME
Personal name Aldrige,Trevor
245 ## - TITLE STATEMENT
Title Letting business premises
260 ## - PUBLICATION, DISTRIBUTION, ETC.
Place of publication, distribution, etc. London
Name of publisher, distributor, etc. Oyez publication
Date of publication, distribution, etc. 1971
300 ## - PHYSICAL DESCRIPTION
Extent xiv,158p.
Other physical details 21cm.
500 ## - GENERAL NOTE
General note includes indexes
650 ## - SUBJECT ADDED ENTRY--TOPICAL TERM
Topical term or geographic name entry element Letting business premises
942 ## - ADDED ENTRY ELEMENTS (KOHA)
Koha item type Books
Holdings
Withdrawn status Lost status Damaged status Not for loan Home library Current library Shelving location Date acquired Total Checkouts Full call number Barcode Date last seen Price effective from Koha item type
Withdrawn       IFM Main Campus Library IFM Main Campus Library Stack Collection 10/04/2016   346.04 346 ALD 0000008397 10/04/2016 10/04/2016 Books